[Event "AUTO-INT-861"]
[Site "http://www.queenalice.com/game.php?id=384705"]
[Date "2008.4.9"]
[Round "1"]
[White "Joseilton"]
[Black "Drew"]
[Result "1-0"]
[WhiteElo "1581"]
[BlackElo "1470"]

1. c4 c5 2. Nc3 Nc6 3. g3 Nf6 4. Nf3 g6 5. Bg2 Bg7 6. O-O O-O 7. d4 cxd4 8. Nxd4
Nxd4 9. Qxd4 d6 10. Rd1 e6 11. Qxd6 Qxd6 12. Rxd6 Rb8 13. Bf4 b6 14. b4 Bb7 15.
Bxb7 Rxb7 16. Rad1 Ne8 17. R6d3 Bxc3 18. Rxc3 Rc7 19. Bxc7 Nxc7 20. Rd7 Rc8 21.
Rcd3 Kg7 22. Re7 1-0

[Event "AUTO-INT-861"]
[Site "http://www.queenalice.com/game.php?id=384706"]
[Date "2008.4.9"]
[Round "1"]
[White "Drew"]
[Black "Joseilton"]
[Result "1-0"]
[WhiteElo "1444"]
[BlackElo "1597"]

1. c4 Nf6 2. d4 e6 3. Nc3 c5 4. e3 Nc6 5. Nf3 cxd4 6. exd4 Be7 7. g3 O-O 8. Bg2
d5 9. cxd5 Nxd5 10. O-O Rb8 11. Re1 b6 12. Qa4 Bb7 13. Ne5 Nxc3 14. bxc3 Nxe5
15. dxe5 Bxg2 16. Kxg2 a5 17. Rb1 Qd5+ 18. Kg1 Rfd8 19. Ba3 Bxa3 20. Qxa3 Qa8
21. Rb2 Rd5 22. c4 Rd4 23. Qc3 Rd7 24. Reb1 Rbd8 25. Qc2 Qf3 26. Rf1 Rd1 27. Rb1
R1d2 28. Qb3 g6 29. Qxf3 1-0

[Event "AUTO-INT-861"]
[Site "http://www.queenalice.com/game.php?id=384719"]
[Date "2008.4.9"]
[Round "1"]
[White "Drew"]
[Black "Milton"]
[Result "1-0"]
[WhiteElo "1490"]
[BlackElo "1548"]

1. c4 f5 2. d4 Nc6 3. e3 e5 4. Nc3 Bb4 5. d5 Nce7 6. Bd2 b6 7. e4 Ba6 8. exf5
Nxf5 9. Qh5+ g6 10. Qe2 d6 11. Nf3 Nge7 12. g3 O-O 13. Bg2 c6 14. dxc6 Nxc6 15.
O-O Ncd4 16. Nxd4 Nxd4 17. Qd3 Rf5 18. Bxa8 Qxa8 19. a3 Bxc3 20. Bxc3 b5 21.
Bxd4 bxc4 22. Qc3 exd4 23. Qxd4 c3 24. Rfe1 Qc8 25. bxc3 Qd8 26. Qxa7 Qa5 27.
Re7 Qxc3 28. Rb1 Bc8 29. Rb8 Qc6 30. Rg7+ Kh8 31. Rxh7+ Kg8 32. Qg7# 1-0

[Event "AUTO-INT-861"]
[Site "http://www.queenalice.com/game.php?id=384720"]
[Date "2008.4.9"]
[Round "1"]
[White "Milton"]
[Black "Drew"]
[Result "0-1"]
[WhiteElo "1530"]
[BlackElo "1548"]

1. e4 c5 2. d4 e6 3. e5 Nc6 4. Nf3 cxd4 5. Nxd4 Nxe5 6. Bf4 Bd6 7. Qe2 Qa5+ 8.
Nc3 Nf6 9. Nf3 Nxf3+ 10. Qxf3 Bxf4 11. Qxf4 Nd5 12. Qd4 Nxc3 13. bxc3 O-O 14.
Bd3 d5 15. O-O Re8 16. Qh4 h6 17. c4 Qa4 18. Rae1 Qxa2 19. cxd5 Qxd5 20. Re4 b6
21. Rb1 Bb7 22. f3 Qc5+ 23. Kf1 Bxe4 24. Bxe4 Qc4+ 25. Ke1 f5 26. g4 fxe4 27. f4
Rad8 28. g5 hxg5 29. Qxg5 Qxc2 30. Ra1 Qc3+ 31. Kf1 Qxa1+ 32. Kf2 Rd2+ 33. Kg3
Qg1+ 0-1

[Event "AUTO-INT-861"]
[Site "http://www.queenalice.com/game.php?id=384721"]
[Date "2008.4.9"]
[Round "1"]
[White "Drew"]
[Black "ronmos14"]
[Result "0-1"]
[WhiteElo "1485"]
[BlackElo "1519"]

1. c4 d5 2. cxd5 Qxd5 3. Nc3 Qc5 4. Nf3 Nf6 5. d4 Qa5 6. Bd2 Be6 7. e4 c6 8. g3
Qb6 9. Bg2 Qxb2 10. Rb1 Qa3 11. Qa4 Qxa4 12. Nxa4 Bxa2 13. Rb2 Bc4 14. e5 Ne4
15. Rxb7 Nxd2 16. Nxd2 Bd5 17. Bxd5 cxd5 18. O-O Nc6 19. Rc1 Nxd4 20. Rcb1 e6
21. Rb8+ Rxb8 22. Rxb8+ Kd7 23. Rb7+ Kc6 24. Rxa7 Bb4 25. Nb3 Nxb3 26. Rxf7 Nd2
27. Rxg7 d4 28. Re7 Bxe7 0-1

[Event "AUTO-INT-861"]
[Site "http://www.queenalice.com/game.php?id=384722"]
[Date "2008.4.9"]
[Round "1"]
[White "ronmos14"]
[Black "Drew"]
[Result "0-1"]
[WhiteElo "1534"]
[BlackElo "1419"]

1. d4 e6 2. Nc3 d5 3. Bf4 Bb4 4. Qd3 Nf6 5. Be5 Be7 6. Nb5 Bd6 7. Qg3 O-O 8. Nf3
a6 9. Bxf6 Bxg3 10. Bxd8 Bxf2+ 11. Kxf2 Rxd8 12. Nxc7 Ra7 13. e3 Rd7 14. Ne8 Kf8
15. Nxg7 Kxg7 16. h4 b5 17. Ne5 Rdc7 18. c3 b4 19. cxb4 Rc2+ 20. Kf3 Rxb2 21. g4
Rxb4 22. g5 f6 23. gxf6+ Kxf6 24. Kf4 Rg7 25. h5 h6 26. Rh2 Bd7 27. Nxd7+ Nxd7
28. Bxa6 e5+ 29. Kf3 exd4 30. a3 Rb6 31. Bc8 Ne5+ 32. Kf4 dxe3 33. Kxe3 Rg5 34.
a4 Rb8 35. Ba6 Ng4+ 36. Kd4 Nxh2 37. Be2 Ke6 38. a5 Rg3 39. Re1 Kd6 40. Bd1 Rb4#
0-1

[Event "AUTO-INT-862"]
[Site "http://www.queenalice.com/game.php?id=385095"]
[Date "2008.4.10"]
[Round "1"]
[White "Drew"]
[Black "MusicMan"]
[Result "1-0"]
[WhiteElo "1435"]
[BlackElo "1589"]

1. c4 Nc6 2. d4 g6 3. Nc3 Bg7 4. e3 d6 5. Nf3 h5 6. g3 Nf6 7. Bg2 e6 8. O-O Qe7
9. d5 exd5 10. cxd5 Ne5 11. Nxe5 Qxe5 12. e4 a6 13. Re1 h4 14. Bf4 Qh5 15. Qxh5
Rxh5 16. h3 g5 17. g4 Rh6 18. Bxg5 Rh8 19. Bxf6 Bxf6 20. f4 Bd4+ 21. Kf1 Bd7 22.
Rac1 Bxg4 23. hxg4 h3 24. Bf3 h2 25. Ne2 h1=Q+ 26. Bxh1 c5 27. dxc6 Be3 28. cxb7
Rxh1+ 29. Kg2 Rxe1 30. bxa8=Q+ 1-0

[Event "AUTO-INT-862"]
[Site "http://www.queenalice.com/game.php?id=385096"]
[Date "2008.4.10"]
[Round "1"]
[White "MusicMan"]
[Black "Drew"]
[Result "1-0"]
[WhiteElo "1576"]
[BlackElo "1500"]

1. Nf3 Nf6 2. g3 g6 3. Bg2 Bg7 4. O-O O-O 5. c4 Re8 6. d3 e6 7. Ne5 d6 8. Nf3 d5
9. Ne5 c5 10. e3 Qd6 11. f4 Nfd7 12. Nc3 Nxe5 13. Nb5 Qd7 14. fxe5 Bxe5 15. d4
cxd4 16. exd4 Bg7 17. Be3 dxc4 18. Na3 Nc6 19. Nxc4 Nxd4 20. Bxd4 Qxd4+ 21. Kh1
Qxc4 22. Rf4 Qb5 23. Qc2 Qxb2 24. Qc7 Qxa1+ 25. Bf1 b6 26. Qxf7+ Kh8 27. Qxe8+
Bf8 28. Qxf8# 1-0

[Event "AUTO-INT-862"]
[Site "http://www.queenalice.com/game.php?id=385097"]
[Date "2008.4.10"]
[Round "1"]
[White "Drew"]
[Black "erodatam"]
[Result "0-1"]
[WhiteElo "1527"]
[BlackElo "1629"]

1. c4 Nf6 2. d4 e6 3. Nc3 Bb4 4. Nf3 O-O 5. g3 d5 6. cxd5 exd5 7. Bg2 h6 8. O-O
Be6 9. Bd2 Nbd7 10. a3 Bd6 11. Re1 c6 12. b4 Nb6 13. e3 Nc4 14. Qc2 a5 15. Rab1
Nxa3 16. Qa2 axb4 0-1

[Event "AUTO-INT-862"]
[Site "http://www.queenalice.com/game.php?id=385098"]
[Date "2008.4.10"]
[Round "1"]
[White "erodatam"]
[Black "Drew"]
[Result "1-0"]
[WhiteElo "1656"]
[BlackElo "1439"]

1. e4 c5 2. Nf3 Nc6 3. d4 e6 4. c4 g6 5. d5 Nb8 6. Nc3 Bg7 7. Nb5 Qb6 8. Bf4 e5
9. Nxe5 a6 10. Nc3 d6 11. Nd3 Ne7 12. Be2 O-O 13. Qd2 Nd7 14. h4 h5 15. g4 hxg4
16. h5 Nf6 17. hxg6 Nxg6 18. Bg5 Re8 19. Bxf6 Bxf6 20. O-O-O Qa5 21. e5 dxe5 22.
Qe3 e4 23. Nxe4 Rxe4 24. Qxe4 Bd7 25. Bxg4 Bxg4 26. Qxg4 Rb8 27. Rdg1 Kg7 28.
Qf4 1-0

[Event "AUTO-INT-862"]
[Site "http://www.queenalice.com/game.php?id=385099"]
[Date "2008.4.10"]
[Round "1"]
[White "Drew"]
[Black "xadrez1504"]
[Result "1-0"]
[WhiteElo "1538"]
[BlackElo "1284"]

1. c4 e5 2. d3 Nc6 3. Nc3 Nf6 4. g3 Bb4 5. Bg2 d5 6. e3 d4 7. Bxc6+ bxc6 8. Qa4
Qd6 9. exd4 exd4 10. a3 Bxc3+ 11. bxc3 dxc3 12. Qc2 1-0

[Event "AUTO-INT-862"]
[Site "http://www.queenalice.com/game.php?id=385100"]
[Date "2008.4.10"]
[Round "1"]
[White "xadrez1504"]
[Black "Drew"]
[Result "0-1"]
[WhiteElo "1300"]
[BlackElo "1525"]

1. e4 c5 2. Nf3 Nc6 3. d4 e6 4. d5 exd5 5. exd5 Nb8 6. Bc4 g6 7. d6 Bg7 8. Bg5
Nf6 9. Qe2+ Kf8 10. O-O h6 11. Bxf6 Bxf6 12. Re1 Bxb2 0-1

[Event "AUTO-INT-861"]
[Site "http://www.queenalice.com/game.php?id=435174"]
[Date "2008.7.18"]
[Round "2"]
[White "Frost"]
[Black "Drew"]
[Result "0-1"]
[WhiteElo "1514"]
[BlackElo "1637"]

1. e4 c5 2. e5 d5 3. d4 e6 4. Nf3 Nc6 5. c4 cxd4 6. Nxd4 dxc4 7. Nxc6 Qxd1+ 8.
Kxd1 bxc6 9. Bxc4 g6 10. f4 Bg7 11. Be3 Ne7 12. Nd2 O-O 13. Ne4 Nf5 14. Bc5 Rd8+
15. Ke2 Bb7 16. Rad1 h6 17. g4 Nh4 18. Rxd8+ Rxd8 19. Nd6 Rd7 20. Rd1 Kh7 21.
Bxa7 Bf8 22. g5 hxg5 23. fxg5 c5 24. Bxc5 Bf3+ 25. Ke1 Bxd1 26. Kxd1 Nf5 27. Bb5
Rd8 28. a4 Bxd6 29. exd6 Nxd6 30. Bxd6 Rxd6+ 31. Ke2 Rd5 32. Be8 Kg7 33. h4 Kf8
34. Bc6 Rc5 35. Be4 Rc4 36. Bd3 Rxa4 37. b3 Rxh4 38. Ke3 Rg4 39. Ba6 Rg3+ 40.
Ke4 Rxb3 41. Bc4 Rh3 42. Be2 Ke7 43. Kf4 Kd6 44. Kg4 Ra3 45. Bb5 e5 46. Be8 Ke6
47. Bc6 Rb3 48. Be4 Rb4 49. Kf3 f5 50. gxf6 Kxf6 51. Bc2 g5 52. Bd1 e4+ 53. Ke3
Kf5 54. Bc2 g4 55. Kd2 Rb2 56. Kc1 Rxc2+ 57. Kxc2 Kf4 58. Kd2 Kf3 59. Kd1 Kf2
60. Kd2 e3+ 61. Kd3 e2 62. Ke4 e1=Q+ 63. Kd4 g3 64. Kd3 g2 65. Kd4 g1=Q 66. Kd5
Qg4 67. Kd6 Qd4+ 68. Kc7 Qec3+ 69. Kb7 Qdb4+ 0-1

[Event "AUTO-INT-861"]
[Site "http://www.queenalice.com/game.php?id=435175"]
[Date "2008.7.18"]
[Round "2"]
[White "Drew"]
[Black "Frost"]
[Result "1-0"]
[WhiteElo "1621"]
[BlackElo "1525"]

1. c4 e5 2. Nc3 Qf6 3. e3 Nh6 4. d4 d6 5. h3 exd4 6. exd4 Nc6 7. d5 Nd4 8. Bxh6
gxh6 9. Be2 Bf5 10. Bd3 Qe5+ 11. Nge2 Be7 12. Bxf5 Nxf5 13. O-O c5 14. Re1 Nh4
15. Qd2 Bg5 16. f4 Rg8 17. Nc1 Bxf4 18. Rxe5+ dxe5 19. Qf2 Rxg2+ 20. Qxg2 Nxg2
21. Kxg2 Kd7 22. Nd3 Rg8+ 23. Kf2 Bg3+ 24. Kf3 f5 25. Nxc5+ Kd6 26. Nxb7+ Kc7
27. Nc5 Kd6 28. N5e4+ fxe4+ 29. Nxe4+ Kd7 30. Nxg3 Rf8+ 31. Ke3 a5 32. Rf1 Ke7
33. Rxf8 Kxf8 34. Ke4 Kf7 35. Kxe5 Kg6 36. Ke6 h5 37. h4 a4 38. d6 a3 39. bxa3
Kh6 40. d7 Kg6 41. d8=Q h6 42. Qg8# 1-0

[Event "AUTO-INT-861"]
[Site "http://www.queenalice.com/game.php?id=435176"]
[Date "2008.7.18"]
[Round "2"]
[White "PAESLEME"]
[Black "Drew"]
[Result "0-1"]
[WhiteElo "1620"]
[BlackElo "1571"]

1. d4 d5 2. c4 e6 3. Nf3 c5 4. Bf4 Nf6 5. Qb3 Bd6 6. Bd2 Nc6 7. e3 O-O 8. Nc3
cxd4 9. exd4 Na5 10. Qc2 Nxc4 11. Bxc4 dxc4 12. Nb5 a6 13. Nxd6 Qxd6 14. Qxc4 b5
15. Qb3 Bb7 16. Bb4 Qf4 17. Bxf8 Rxf8 18. a4 Bc6 19. axb5 Bxb5 20. Rd1 Rd8 21.
g3 Qc7 22. Qe3 Qc2 23. Nd2 Qxb2 24. f4 Nd5 25. Rb1 Qxb1+ 26. Nxb1 Nxe3 27. Kd2
Nf5 28. Kc3 Rxd4 29. Na3 Ra4 30. Rc1 h6 31. Nxb5 axb5 0-1

[Event "AUTO-INT-861"]
[Site "http://www.queenalice.com/game.php?id=435177"]
[Date "2008.7.18"]
[Round "2"]
[White "Drew"]
[Black "PAESLEME"]
[Result "1-0"]
[WhiteElo "1598"]
[BlackElo "1620"]

1. c4 e5 2. Nc3 Bc5 3. g3 Qf6 4. e3 Nh6 5. Bg2 c6 6. Nge2 d5 7. cxd5 O-O 8. dxc6
Nxc6 9. Ne4 Qe7 10. Nxc5 Qxc5 11. d4 exd4 12. exd4 Qb4+ 13. Nc3 Re8+ 14. Kf1 Bg4
15. Qd3 Nxd4 16. Bxh6 gxh6 17. Nd5 Qxb2 18. Nf6+ Kf8 19. Qb1 Qe2+ 20. Kg1 Qc4
21. h4 Ne2+ 22. Kh2 Re6 23. Qxh7 Ke7 24. Nd5+ Kd6 25. Qxf7 Nc3 26. Nxc3 Qxc3 27.
Qf4+ Re5 28. Qxg4 Rae8 29. Rhd1+ Rd5 30. Rxd5+ 1-0